000 00396nam a2200157 i 4500
001 57770
003 ES-MaACL
005 20230906163638.0
007 t|
008 031017s1999 fr ||||1| fre d
100 1 _aDominique, Pierre.
_945262
245 1 0 _aMarche Espagne /
_cPierre Dominique.
260 _aParĂ­s :
_bFloch,
_c1931.
300 _a280 p. ;
_c19 cm.
852 _aES-MaACL
_jF-13776
999 _c57770
_d57770